| 000 | 00450nam a2200169Ia 4500 | ||
|---|---|---|---|
| 008 | 180921t2016 xxu||||| |||| 00| 0 eng d | ||
| 041 | _aeng | ||
| 080 |
_aX92 _bBAN |
||
| 100 | _aBandara, Sampath | ||
| 245 | _aRanil Wickramasinghe :Four time Prime Minister of Sri Lanka | ||
| 260 |
_bSarasavi _aNugegoda _c2016 |
||
| 300 | _b263p, 25cm | ||
| 700 |
_aVijitha Frenando _etr. |
||
| 942 | _cBK | ||
| 999 |
_c731 _d731 |
||
| 003 | LK-CoDNM | ||
| 040 |
_aLK-CoDNM _dLK-CoDNM _eLK-CoDNM |
||